000 00692nam a2200241Ia 4500
001 15371
003 BD-RjUL
005 20211208235813.0
008 140210r19661966enka b 00110 eng d
035 _a(BD-RjUL)15425
040 _aHLS
_cHLS
_dBOS
_dBD-RjUL
_beng
041 _aeng
082 _a630.68
_bPHF 1966
090 _aS517.A45
_bF61
100 1 0 _aPhillips, T. A.
_947769
245 1 0 _aFarm management in West Africa /
_cT.A. Phillips.
260 _aLondon :
_bLongman,
_cc1961 [impression 1966]
300 _aviii, 149 p. :
_bill. ;
_c21 cm.
504 _aBibliography: p. 142.
504 _aIncludes index.
650 0 _aFarm management
_zAfrica, West.
_947770
942 _2ddc
_cBK
999 _c15371
_d15371